Music Quiz

Random Music or Album Quiz

Megadeth Albums Quiz Stats

 Plays Quiz not verified by Sporcle

Challenge
Share
Tweet
Embed
Score 0/13 Timer 06:00
0 Plays Today
Year Album Title % Correct
1986Peace Sells...But Who's Buying?
95.6%
1990Rust In Peace
93.4%
2009Endgame
82.4%
1992Countdown to Extinction
79.4%
1999Risk
79.4%
1988So Far, So Good, So What!
78.7%
1994Youthanasia
77.9%
1985Killing Is My Business...And Business Is Good!
76.5%
1997Cryptic Writings
72.8%
2007United Abominations
72.1%
2004The System Has Failed
67.6%
2001The World Needs A Hero
66.2%
2011Th1rt3en
20.6%

You're not logged in!

Compare scores with friends on all Sporcle quizzes.
Join for Free
OR
Log In

You Might Also Like...

Show Comments

Extras

Top Quizzes Today


Score Distribution

Your Account Isn't Verified!

In order to create a playlist on Sporcle, you need to verify the email address you used during registration. Go to your Sporcle Settings to finish the process.

Report this User

Report this user for behavior that violates our Community Guidelines.

Details: